|
|
|
|
| LEADER |
00000nab a2200000ua 4500 |
| 001 |
vtls010804248 |
| 003 |
SK-MaSNL |
| 005 |
20260303124554.0 |
| 008 |
230214s1970 xo |||||||||||||||||slo| |
| 035 |
|
|
|a (urnnbn)urn:nbn:sk:snk:ar-a03gcx
|
| 035 |
|
|
|a (uuid)dab432b9-1b9c-4bda-9b74-41a400e9b666
|
| 035 |
|
|
|a urn:nbn:sk:snk-ab597a
|
| 040 |
|
|
|a SNKBUCL
|b slo
|c SNKBUCL
|e AACR2
|
| 041 |
0 |
|
|a slo
|
| 044 |
|
|
|a xo
|c SK
|
| 100 |
1 |
|
|a Daniluk, A.
|4 aut
|9 1141842
|
| 245 |
1 |
0 |
|a PRIMÁRNE PARAOSEÁLNE OSIFIKUJÚCE CHONDRÓMY A CHONDROSARKÓMY
|c A. Daniluk, I. Zachariasiewicz, J. Siedlik, T. Witwicki
|
| 700 |
1 |
|
|a Zachariasiewicz, I.
|4 aut
|9 1141843
|
| 700 |
1 |
|
|a Siedlik, J.
|4 aut
|9 1141844
|
| 700 |
1 |
|
|a Witwicki, T.
|4 aut
|9 1141845
|
| 773 |
0 |
|
|t Bratislavské lekárske listy
|g Roč. 54, č. 4 (1970), s. 414-418
|
| 954 |
|
|
|a odborná, vedecká literatúra pôvodná (slovenská)
|2 lita
|
| 958 |
|
|
|a OND
|
| 958 |
|
|
|a EUIPO
|
| 958 |
|
|
|a article3
|
| 999 |
|
|
|c 1931069
|d 1932999
|